|
|
|
|
| LEADER |
01097nam a2200289 a 4500 |
| 001 |
7666 |
| 003 |
BD-DhAAL |
| 005 |
20150321095459.0 |
| 008 |
150321s1994 iaua b 000 0 eng |
| 010 |
|
|
|a 93038131
|
| 020 |
|
|
|a 0813806860 (acidfree paper)
|
| 040 |
|
|
|a DLC
|c DLC
|d DLC
|d BD-DhAAL
|
| 050 |
0 |
0 |
|a HC103.7
|b .M56 1994
|
| 082 |
0 |
0 |
|a 333.7/0973
|2 20
|
| 100 |
1 |
|
|a Miller, Sandra E.
|9 9988
|
| 245 |
1 |
0 |
|a Rural resource management :
|b problem solving for the long term /
|c Sandra E. Miller, Craig W. Shinn, William R. Bentley.
|
| 250 |
|
|
|a 1st ed.
|
| 260 |
|
|
|a Ames :
|b Iowa State University Press,
|c 1994.
|
| 300 |
|
|
|a xviii, 321 p. :
|b ill. ;
|c 23 cm.
|
| 504 |
|
|
|a Includes bibliographical references (p. 319-321).
|
| 541 |
|
|
|e 7666
|
| 650 |
|
0 |
|a Natural resources
|z United States
|x Management.
|9 9989
|
| 700 |
1 |
|
|a Shinn, Craig W.
|9 9990
|
| 700 |
1 |
|
|a Bentley, William R.
|q (William Ross),
|d 1938-
|9 9991
|
| 942 |
|
|
|2 ddc
|c BK
|
| 999 |
|
|
|c 34127
|d 34127
|
| 952 |
|
|
|0 0
|1 0
|2 ddc
|4 0
|6 333_709730000000000_MIL
|7 0
|9 53256
|a SCL
|b SCL
|c GEN
|d 2015-03-21
|l 0
|o 333.70973 MIL
|p 3020007666
|r 2015-03-21
|t 1
|w 2015-03-21
|y BK
|